000 00447cam a22001814a 4500
005 20250605164243.0
008 250528s ||||||||||||||||||||||||d
035 _a21413
040 _aGR-AtMCL
_bgre
_dGR-AtMCL
_eAACR2
245 1 _aGW BASIC
250 _a3
260 _bΑυτοεκδοση,
_c1989
300 _a284
700 1 _aΚατσαβουνης Δ. Στεφανος
_97455
942 _cBK
999 _c6475
_d6475